Извлечение ионов CD{2+} из водных сред при использовании оксигидроксида железа; Прогрессивные технологии и экономика в машиностроении

Bibliografiske detaljer
Parent link:Прогрессивные технологии и экономика в машиностроении.— 2018.— [С. 213-215]
Hovedforfatter: Мартемьянова И. В.
Corporate Authors: Национальный исследовательский Томский политехнический университет Инженерная школа новых производственных технологий Научно-производственная лаборатория "Чистая вода", Национальный исследовательский Томский политехнический университет Инженерная школа природных ресурсов Отделение химической инженерии
Andre forfattere: Толмачева Т. П. Татьяна Петровна (научный руководитель), Мартемьянов Д. В. Дмитрий Владимирович, Короткова Е. И. Елена Ивановна
Summary:Заглавие с экрана
Sprog:russisk
Udgivet: 2018
Serier:Экология, безопасность и охрана труда на предприятии
Fag:
Online adgang:http://earchive.tpu.ru/handle/11683/47146
Format: Electronisk Book Chapter
KOHA link:https://koha.lib.tpu.ru/cgi-bin/koha/opac-detail.pl?biblionumber=626694

MARC

LEADER 00000n a2a2200000 4500
001 626694
005 20250916105340.0
035 |a (RuTPU)RU\TPU\conf\26192 
035 |a RU\TPU\conf\26172 
090 |a 626694 
100 |a 20180424d2018 k y0rusy50 ca 
101 0 |a rus 
102 |a RU 
105 |a y z 101zy 
135 |a drcn ---uucaa 
181 0 |a i  
182 0 |a b 
200 1 |a Извлечение ионов CD{2+} из водных сред при использовании оксигидроксида железа  |f И. В. Мартемьянова, Т. П. Толмачева, Д. В. Мартемьянов  |g науч. рук. Е. И. Короткова 
203 |a Текст  |c электронный 
225 1 |a Экология, безопасность и охрана труда на предприятии 
300 |a Заглавие с экрана 
320 |a [Библиогр.: с. 214-215 (13 назв.)] 
463 0 |0 (RuTPU)RU\TPU\conf\26047  |t Прогрессивные технологии и экономика в машиностроении  |o сборник трудов IX Всероссийской научно-практической конференции для студентов и учащейся молодежи, 5-7 апреля 2018 г., Юрга  |f Национальный исследовательский Томский политехнический университет (ТПУ), Юргинский технологический институт (ЮТИ) ; под ред. Д. А. Чинахова  |v [С. 213-215]  |d 2018 
610 1 |a электронный ресурс 
610 1 |a труды учёных ТПУ 
610 1 |a извлечение 
610 1 |a ионы 
610 1 |a водные среды 
610 1 |a оксигидроксид железа 
610 1 |a химические загрязнения 
610 1 |a тяжелые металлы 
610 1 |a гидросфера 
610 1 |a сорбционный способ 
610 1 |a водоочистка 
610 1 |a золь-гель процессы 
610 1 |a вода 
610 1 |a очистка 
700 1 |a Мартемьянова  |b И. В. 
701 1 |a Толмачева  |b Т. П.  |c химик-технолог  |c инженер-химик Томского политехнического университета  |f 1969-  |g Татьяна Петровна  |3 (RuTPU)RU\TPU\pers\35976 
701 1 |a Мартемьянов  |b Д. В.  |c химик  |c инженер-исследователь Томского политехнического университета  |f 1978-  |g Дмитрий Владимирович  |3 (RuTPU)RU\TPU\pers\30853  |9 15099 
702 1 |a Короткова  |b Е. И.  |c химик  |c профессор Томского политехнического университета, доктор химических наук  |f 1965-  |g Елена Ивановна  |4 727 
712 0 2 |a Национальный исследовательский Томский политехнический университет  |b Инженерная школа новых производственных технологий  |b Научно-производственная лаборатория "Чистая вода"  |3 (RuTPU)RU\TPU\col\23657 
712 0 2 |a Национальный исследовательский Томский политехнический университет  |b Инженерная школа природных ресурсов  |b Отделение химической инженерии  |3 (RuTPU)RU\TPU\col\23513 
801 2 |a RU  |b 63413507  |c 20191226  |g RCR 
856 4 |u http://earchive.tpu.ru/handle/11683/47146 
942 |c BK